Investice a strukturální změny v průmyslových komplexech členských států RVHP

Salvato in:
Dettagli Bibliografici
Autore principale: Chudlařský, Vladimír
Natura: Libro
Lingua:ceco
Pubblicazione: Praha Ústředí vědeckých, technických a ekonomických informací 1980
Tags: Aggiungi Tag
Nessun Tag, puoi essere il primo ad aggiungerne!!

MARC

LEADER 00000nam a2200000 4500
001 c140135
005 20190620101252.7
041 0 |a cze 
044 |a CZ 
245 1 0 |a Investice a strukturální změny v průmyslových komplexech členských států RVHP  |c Vladimír Chudlařský 
264 1 |a Praha  |b Ústředí vědeckých, technických a ekonomických informací  |c 1980 
300 |a 76 s. 
100 1 |a Chudlařský, Vladimír